Geografía histórica de Europa Occidental en la edad media

Na minha lista:
Detalhes bibliográficos
Autor principal: Samarkin, V. V (Author)
Formato: Livro
Idioma:espanhol
Publicado em: Madrid Akal 1981
Colecção:Akal Universitaria. Serie: Historia Medieval, 16
Assuntos:
Tags: Adicionar Tag
Sem tags, seja o primeiro a adicionar uma tag!

MARC

LEADER 00000nam a2200000 a 4500
001 UCP9955
003 CL-VaPUC
008 000407e19810000SP |||||||||||||||||spa|d
082 0 4 |a 940.1  |b SAM  |2 21 
100 0 |a Samarkin, V. V  |e author  |9 440939 
245 1 0 |a Geografía histórica de Europa Occidental en la edad media 
300 |a 258 p 
942 |c BK 
945 |d 20000407 00:00:00  |a rherrera 
260 |a Madrid  |b Akal  |c 1981 
650 0 |a Historia de Europa  |9 392003 
650 0 |a Edad media  |9 258041 
650 0 |a Geografía histórica   |9 267532 
651 0 |a Europa  |9 255156 
583 |a last modification  |c 20000407 00:00:00  |k Rodrigo Vera 
490 0 |a Akal Universitaria. Serie: Historia Medieval, 16 
999 |c 286735  |d 286733 
952 |0 0  |1 0  |4 0  |6 940_100000000000000_SAM_1981  |7 0  |8 A  |9 332841  |a BIBHIS  |b BIBHIS  |d 2019-11-20  |i 1263544  |l 4  |o 940.1 SAM 1981  |p 1263544  |r 2025-01-20  |s 2024-04-19  |w 2019-11-20  |y BK  |k HIS